[Event "Sydney op-B"]
[Site "Parramatta"]
[Date "2010.04.07"]
[Round "2"]
[White "Simmonds, Leteisha Simone"]
[Black "Zhou, Thomas"]
[Result "0-1"]
[WhiteElo "1624"]
[BlackElo "1271"]
[PlyCount "132"]
[EventDate "2010.04.07"]
[EventType "swiss"]
[EventRounds "9"]
[EventCountry "AUS"]
[SourceTitle "EXT 2012"]
[Source "ChessBase"]
[SourceDate "2011.11.24"]
[SourceVersion "1"]
[SourceVersionDate "2011.11.24"]
[SourceQuality "1"]

1. e4 c5 2. Nf3 e6 3. c3 Nc6 4. d4 cxd4 5. cxd4 d5 6. e5 Bb4+ 7. Bd2 Qb6 8. Bxb4 Qxb4+ 9. Qd2 Qxd2+ 10. Kxd2 Nge7 11. Nc3 0-0 12. g4 f6 13. exf6 Rxf6 14. Ke3 Ng6 15. h3 Nb4 16. Rc1 Bd7 17. a3 Nc6 18. Ne2 Raf8 19. Bg2 Nf4 20. Nxf4 Rxf4 21. Rcd1 Na5 22. Rc1 Nc4+ 23. Ke2 Nxb2 24. Rb1 Bb5+ 25. Kd2 Nc4+ 26. Kc1 Ba6 27. a4 Rxf3 28. Bxf3 Rxf3 29. Rh2 Rc3+ 30. Kd1 Rd3+ 31. Ke1 Rxd4 32. Ra1 Re4+ 33. Kd1 Nb2+ 34. Kc2 Nxa4 35. Kb3 Nc5+ 36. Kc2 d4 37. Ra3 Re2+ 38. Kd1 d3 39. Rg2 Ne4 40. Rb3 Nxf2+ 41. Rxf2 Rxf2 42. Rb4 Re2 43. h4 e5 44. g5 e4 45. Rd4 e3 46. h5 d2 47. g6 Re1+ 48. Kc2 d1Q+ 49. Rxd1 Rxd1 50. Kxd1 e2+ 51. Kd2 hxg6 52. hxg6 Kf8 53. Ke1 Ke7 54. Kd2 Kf6 55. Ke1 Kxg6 56. Kd2 Kf6 57. Ke1 g5 58. Kf2 g4 59. Ke1 g3 60. Kd2 g2 61. Kc2 e1Q 62. Kb2 g1R 63. Ka2 Qd2+ 64. Kb3 Rg3+ 65. Ka4 Qd4+ 66. Ka5 Ra3# 0-1

[Event "Sydney op-B"]
[Site "Parramatta"]
[Date "2010.04.07"]
[Round "1"]
[White "Zhou, Thomas"]
[Black "Chibnall, Alana"]
[Result "1-0"]
[WhiteElo "1271"]
[BlackElo "1788"]
[PlyCount "85"]
[EventDate "2010.04.07"]
[EventType "swiss"]
[EventRounds "9"]
[EventCountry "AUS"]
[SourceTitle "EXT 2012"]
[Source "ChessBase"]
[SourceDate "2011.11.24"]
[SourceVersion "1"]
[SourceVersionDate "2011.11.24"]
[SourceQuality "1"]

1. e4 e5 2. Nf3 Nc6 3. Bb5 a6 4. Ba4 Nf6 5. d3 b5 6. Bb3 Be7 7. 0-0 d6 8. h3 0-0 9. Nc3 Na5 10. Re1 Nxb3 11. axb3 Bb7 12. Bg5 b4 13. Bxf6 Bxf6 14. Nd5 Bxd5 15. exd5 Re8 16. Qd2 Qb8 17. Re4 a5 18. Rae1 Qb5 19. c4 bxc3 20. Qxc3 Qxd5 21. d4 Rab8 22. dxe5 dxe5 23. Nxe5 Rxb3 24. Qxc7 Rb7 25. Nd7 Rf8 26. Nxf6+ gxf6 27. Qg3+ Kh8 28. Re8 Qc5 29. Qf3 Rb6 30. Qa8 Rxe8 31. Rxe8+ Kg7 32. Rg8+ Kh6 33. Qe4 Rb4 34. Qf3 Qe5 35. Qa3 Qe1+ 36. Kh2 Qxf2 37. Qxa5 Rxb2 38. Qa8 Qf4+ 39. Rg3 Qd6 40. Qg8 Qf4 41. Qg7+ Kh5 42. Qxf7+ Kh6 43. Qg7+ 1-0